000 01266cam a2200301 a 4500
999 _c6707
_d6707
001 13106328
003 OSt
005 20200303131738.0
008 030227s2003 enka b 001 0 eng
010 _a 2003043957
020 _a052182284X (hardback)
040 _aDLC
_cDLC
_dDLC
082 0 0 _a530.143
_221
_bTSV 2003
100 1 _aTsvelik, Alexei M.
_98083
245 1 0 _aQuantum field theory in condensed matter physics /
_cAlexei M. Tsvelik.
250 _a2nd ed.
260 _aCambridge ;
_aNew York :
_bCambridge University Press,
_c2003.
300 _axvi, 357 p. :
_bill. ;
_c26 cm.
504 _aIncludes bibliographical references (p. [358]) and index.
650 0 _aQuantum field theory.
_98084
650 0 _aCondensed matter.
_98085
856 4 1 _3Sample text
_uhttp://www.loc.gov/catdir/samples/cam041/2003043957.html
856 4 2 _3Publisher description
_uhttp://www.loc.gov/catdir/description/cam032/2003043957.html
856 4 1 _3Table of contents
_uhttp://www.loc.gov/catdir/toc/cam032/2003043957.html
906 _a7
_bcbc
_corignew
_d1
_eocip
_f20
_gy-gencatlg
942 _2ddc
_cO_SHELF